000 03933nab a2200361 i 4500
003 BR-BrBNA
005 20240319131408.0
008 240319b2020 bl.ar|pooa||| 00| 0 eng |
040 _aBR-BrBNA
_beng
072 _aF08
_b0336
100 _aCassol, Guilherme Vestena
100 _aMarchesan, Enio
100 _aMassey, Joseph Harry
100 _aRobaina, Adroaldo Dias
100 _aTrivisiol, Vinícius Severo
100 _aWerle, Isabel
100 _aGollo, Elisa de Almeida
100 _aGiacomeli, Robson
100 _aSchmatz, Raquel
245 _aRaised seedbeds and irrigation increase the yield of soybean rotated with rice in lowland of Southern Brazil
500 _aPublicação on-line; 26 ref.; 4 tables; 2 illus.; Summaries (En, Pt)
520 _a Abstract – The objective of this work was to evaluate the effect of raised seedbeds associated with irrigation on the yield of soybean (Glycine max) rotated with rice (Oryza sativa) in lowland conditions in Southern Brazil. Field experiments were conducted in two crop seasons (2014/2015 and 2015/2016), with two planting systems (raised seedbed and flat planting) and two irrigation managements (irrigated and nonirrigated). Water use, biological nitrogen fixation, and yield were evaluated. The water used for raised seedbeds was 14% (151 m3 ha-1) and 27% (163 m3 ha-1) lower than that for flat planting in the first and second crop seasons, respectively. Irrigation increased nodule number per plant, nodule dry weight, and biological nitrogen fixation. The average grain yield of the raised seedbed system was 10% (529 kg ha-1) and 9% (362 kg ha-1) higher than that of flat planting in 2014/2015 and 2015/2016, espectively. Irrigation improved yield by 5% (203 kg ha-1) and 7% (265 kg ha-1) in each crop year. The use of raised seedbeds associated with irrigation improves the yield of soybean grown in rotation with rice in lowland in Southern Brazil. Index terms: Glycine max, Oryza sativa, cropping systems, crop rotation, water managemen
520 _a Resumo – O objetivo deste trabalho foi avaliar o efeito do cultivo em camalhões associado à irrigação sobre a produtividade de soja (Glycine max) em rotação com arroz (Oryza sativa), em condições de terras baixas, no Sul do Brasil. Foram conduzidos experimentos em campo, em dois anos agrícolas (2014/2015 e 2015/2016), com dois sistemas de cultivo (camalhões e sem camalhões) e dois manejos de irrigação (irrigado e não irrigado). Foram avaliados uso de água, fixação biológica de nitrogênio e produtividade. O uso de água nos camalhões foi 14% (151 m3 ha-1) e 27% (163 m3 ha-1) menor que o no sistema sem camalhões, no primeiro e no segundo ano agrícola, respectivamente. A irrigação incrementou o número de nódulos por planta, a massa seca de nódulos e a fixação biológica de nitrogênio. A produtividade média no sistema com camalhões foi 10% (529 kg ha-1) e 9% (362 kg ha-1) maior que a no sistema sem camalhões em 2014/2015 e 2015/2016, respectivamente. A irrigação incrementou a produtividade em 5% (203 kg ha-1) e 7% (265 kg ha-1) em cada ano agrícola. O uso de camalhões associado à irrigação incrementa a produtividade de soja em rotação com arroz em terras baixas, no Sul do Brasil. Termos para indexação: Glycine max, Oryza sativa, sistemas de cultivo, rotação de culturas, manejo de água.
650 _aSOJA
650 _aSISTEMA DE CULTIVO
650 _aROTAÇÃO DE CULTURA
650 _aIRRIGAÇÃO
650 _aPRODUTIVIDADE
773 0 _0920
_925800
_dBrasília-DF Empresa Brasileira de Pesquisa Agropecuária - EMBRAPA 1966-
_o2023-436355
_tPesquisa Agropecuária Brasileira (Brazil)
_x0100-204X
_gv. 55 p. 1-8; (2020)
_wBR2024000236
856 _uhttps://www.scielo.br/j/pab/a/Vt3GpRfQWSJHnbqLPp6Bbqt/?format=pdf&lang=en
942 _cAnalítica
999 _c298846
_d298846